000 00624nam a2200205 a 4500
001 000047893
003 DO-SdBNP
005 20230519124900.0
008 181002s2016 000 spa d
020 _a9789945903348
040 _aDO-SdBNP
_bspa
_cBNPHU
082 _axx
_bxx
100 1 _aJerez, Héctor
_975457
245 1 0 _aCOCODESI :
_bexperiencia de poder comunitario /
_cHéctor Jerez.
260 _aSanto Domingo :
_bOPUS,
_c2016.
300 _a86, [30] p. :
_bil, retrs. ;
_c22 cm.
500 _aIncluye datos biográficos del autor en la solapa de la cubierta
590 _aInventariado, 2018/VM
942 _2ddc
999 _c47381
_d47381